000
00291nam a2200121Ia 4500
005
20251222155204.0
008
251222s9999||||xx |||||||||||||| ||spa||
082
_a
ESC. 23
100
_a
DELGADO, César.
245
0
_a
Sociedad Peruana de Medicina Interna
264
_b
Sandoz
942
_c
LIB
999
_c
40033
_d
40033